Представление документа в формате RUSMARC

ПолеНазваниеЗначение
  Тип записи a
  Библиографический уровень m
001 Контрольный номер RU/IS/BASE/321980709
005 Дата корректировки 20241226123820.4
010 Индекс ISBN __
d Цена 12000-00
101 Язык документа 0_
a Язык текста rus
c Язык оригинала rus
200 Заглавие и сведения об ответственности 1_
a Заглавие Азбука искусств
e Сведения, относящиеся к заглавию раб. тетр. : [для учащихся 1-4 кл.]
f Первые сведения об ответственности Князева М. П. ; худож. Е. Белоусова
b Общее обозначение материала Текст
h Номер части Ч. 1
i Наименование части А - П
210 Выходные данные 1_
a Место издания М.
c Издательство Открытый мир
d Дата издания 1995
215 Физическое описание __
a Объем 80 с.
c Иллюстрации/тип воспроизводства ил.
225 Серия 2_
a Серия Шаг за шагом : Искусство
606 Тематические рубрики __
a Основная рубрика Изобразительное искусство и архитектура
a Основная рубрика Музыка и зрелищные искусства
610 Ключевые слова 0_
a Ключевые слова архитектура; балет; графика; декоративно-прикладное искусство; драматический театр; живопись; зрелищные искусства; изобразительное искусство; киноискусство; музыка; оперы
686 Индексы других классификаций __
a Классификационный индекс ст85
700 Автор _1
a Фамилия Князева
b Имя М. П.
4 Код отношения 070
702 Вторичная интеллектуальная ответственность _1
a Фамилия Белоусова
b Имя Е.
4 Код отношения Художник
4 Код отношения 040
801 Источник записи _0
a Страна RU
b Организация Муниципальное бюджетное учреждение культуры "Централизованная библиотечная система" г. Сургут (Центральная городская библиотека им. А. С. Пушкина)
g Правила каталогизации ЦДБ/Дорошева
801 Источник записи _1
a Страна RU
b Организация Муниципальное бюджетное учреждение культуры "Централизованная библиотечная система" г. Сургут (Центральная городская библиотека им. А. С. Пушкина)
g Правила каталогизации ЦДБ/Дорошева
852 Данные о местонахождении __
j Шифр хранения ст85
c Каталожный индекс ст85
i Авторский знак К 54
p Инвентарный номер 59396
901 Тип документа __
t Тип документа m
903 Характеристики (МАРС) __
a Дата передачи 20060803
990 Данные о заказе (DOS) __
j Количество экземпляров (DOS) 1
t N записи в КСУ для И/У (DOS) 199701